British customs tariff, 1870, and statistics of the customs revenue and foreign commerce of The United Kingdom, from 1840 to 1869 (Record no. 102920)

MARC details
000 -LEADER
campo de control de longitud fija 00581nam a2200145 i 4500
001 - NÚMERO DE CONTROL
campo de control 102920
003 - IDENTIFICADOR DE NÚMERO DE CONTROL
campo de control ES-MaACL
005 - FECHA Y HORA DE LA ÚLTIMA TRANSACCIÓN
campo de control 20230906183221.0
007 - CAMPO FIJO DE DESCRIPCIÓN FÍSICA--INFORMACIÓN GENERAL
campo de control de longitud fija t|
008 - DATOS DE LONGITUD FIJA--INFORMACIÓN GENERAL
campo de control de longitud fija 190422s1870 xxk ||||1| eng d
245 00 - MENCIÓN DEL TÍTULO
Título British customs tariff, 1870, and statistics of the customs revenue and foreign commerce of The United Kingdom, from 1840 to 1869
Resto del título : presented to both houses of Parliament bu Command of her majesty.
260 ## - PUBLICACIÓN, DISTRIBUCIÓN, ETC.
Lugar de publicación, distribución, etc. London :
Nombre del editor, distribuidor, etc. [s.n.],
Fecha de publicación, distribución, etc. 1870 (
Fabricante George E. Eyre and Willaim Spottiswoode)
300 ## - DESCRIPCIÓN FÍSICA
Extensión 7 p. ;
Dimensiones 24 cm.
852 ## - LOCALIZACIÓN
Ubicación ES-MaACL
Número de control de estantería T-1285-F-12
Nota libre Donat. Bosch
Holdings
Estatus retirado Estado de pérdida Estado de daño No para préstamo Colección Biblioteca de origen Biblioteca actual Ubicación en estantería Fecha de adquisición Fuente de adquisición Total de préstamos Signatura topográfica completa Código de barras Visto por última vez Precio de reemplazo Tipo de ítem Koha
        Colección de folletos Biblioteca del Ateneo de Madrid Biblioteca del Ateneo de Madrid Depósito folletos 22/04/2019     T-1285-F-12 1200370 23/02/2023 23/02/2023 Folleto